Entry Personal Name
Number of records used in: 1
001 - CONTROL NUMBER
003 - CONTROL NUMBER IDENTIFIER
005 - DATE AND TIME OF LATEST TRANSACTION
- control field:
20221114112306.0
008 - FIXED-LENGTH DATA ELEMENTS
- fixed length control field:
930517n| acannaab |n aaa
010 ## - LIBRARY OF CONGRESS CONTROL NUMBER
- LC control number:
n 93046073
040 ## - CATALOGING SOURCE
- Original cataloging agency:
DLC
- Transcribing agency:
DLC
- Modifying agency:
DLC
100 10 - HEADING--PERSONAL NAME
- Personal name:
Fausett, Laurene V.
670 ## - SOURCE DATA FOUND
- Source citation:
Her Fundamentals of neural networks, 1994:
- Information found:
CIP t.p. (Laurene V. Fausett, Florida Inst. Tech.)
670 ## - SOURCE DATA FOUND
- Source citation:
Numerical methods using MathCAD, 2002:
- Information found:
CIP t.p. (Laurene Fausett)